Thanos or Ultron - Statistics

General Stats
  • This quiz has been taken 44 times
  • The average score is 13 of 16
Answer Stats
Question Answer % Correct
"I am inevitable." Thanos
96%
"The hardest choices require the strongest wills. Thanos
96%
"I've come to save the world! Ultron
92%
"All that for a drop of blood." Thanos
88%
"Stark is nothing." Ultron
88%
"There is only one path to peace... your extinction." Ultron
88%
"How is humanity saved if it's not allowed to evolve?" Ultron
85%
"Reality is often disappointing." Thanos
81%
"A small price to pay for salvation." Thanos
81%
"This day extracts a heavy toll." Thanos
81%
"The world would've looked up to the sky and seen hope, seen mercy. Instead, they'll look up in horror." Ultron
81%
"You take away my world, I take away yours." Ultron
81%
"You're not the only one cursed with knowledge." Thanos
77%
"Clearly you've never made an omelet." Ultron
77%
"What doesn't kill you, just makes me stronger." Ultron
77%
"That is destiny fulfilled." Thanos
62%
No matching quizzes found
Score Distribution
Percent of People with Each Score
Percentile by Number Answered
Your Score History
You have not taken this quiz